<?xml version="1.0" encoding="UTF-8"?>
<record
    xmlns:xsi="http://www.w3.org/2001/XMLSchema-instance"
    xsi:schemaLocation="http://www.loc.gov/MARC21/slim http://www.loc.gov/standards/marcxml/schema/MARC21slim.xsd"
    xmlns="http://www.loc.gov/MARC21/slim">

  <leader>02630    a2200205   4500</leader>
  <controlfield tag="001">53137</controlfield>
  <controlfield tag="005">20260407155805.0</controlfield>
  <controlfield tag="008">260407a1960    arg                 spa d</controlfield>
  <controlfield tag="003">AR-UNSa-BCEJYS</controlfield>
  <datafield tag="040" ind1=" " ind2=" ">
    <subfield code="a">AR-UNSa-BCEJYS</subfield>
    <subfield code="b">spa</subfield>
    <subfield code="c">AR-UNSa-BCEJYS</subfield>
  </datafield>
  <datafield tag="080" ind1=" " ind2=" ">
    <subfield code="a">331.5</subfield>
    <subfield code="x">Mercado de Trabajo. Empleo</subfield>
  </datafield>
  <datafield tag="245" ind1="1" ind2="0">
    <subfield code="a">Econom&#xED;a laboral moderna</subfield>
  </datafield>
  <datafield tag="264" ind1=" " ind2="1">
    <subfield code="a">Buenos Aires :</subfield>
    <subfield code="b">Bibliogr&#xE1;fica Argentina</subfield>
    <subfield code="c">1960</subfield>
  </datafield>
  <datafield tag="300" ind1=" " ind2=" ">
    <subfield code="a">682 p.</subfield>
    <subfield code="c">23 cm.</subfield>
  </datafield>
  <datafield tag="505" ind1=" " ind2=" ">
    <subfield code="a">Parte I: Las relaciones laboralpatronales en la econom&#xED;a moderna - 1. El rol del trabajo y la direcci&#xF3;n de empresa - 2. Objetivos laborales y patronales - 3. Los primeros sindicatos y las tratativas iniciales - 4. Crecimiento del sindicalismo y negociaciones colectivas - Parte II: Los objetivos laboralpatronales y los convenios colectivos - 5. Estructura contractual y arreglos de las disputas - 6. Status de la direcci&#xF3;n de empresa,del trabajador y del sindicato - 7. Problemas econ&#xF3;micos fundamentales - Parte III: La estructura sindical y la organizai&#xF3;n del sindicato local - 8. La estructura sindical y la organizaci&#xF3;n del sindicato social - 9. Sindicatos nacionales y federaciones sindicales - 10. Organizaci&#xF3;n patronal - 11. Redacci&#xF3;n de los convenios colectivos - Parte IV: Las relaciones laboralpatronales y las negociaciones individuales - 12. Extensi&#xF3;n y car&#xE1;cter de los convenios individuales - Parte V: Disposiciones estatales que afectan al proceso de las negociaciones individuales - 13. Cambios de actitudes hacia las relaciones laboralpatronales - 14. Protecci&#xF3;n y regulaci&#xF3;n de las negociaciones colectivas - 15. Arreglo de disputas laboralpatronales - 16. La actividad polit&#xED;ca y las relaciones laboralpatronales -  Parte VI: La polit&#xED;ca gubernamental en cuanto afecta al contenido de los convenios individuales y colectivos - 17. Regulaci&#xF3;n de salarios,jornadas y condiciones de trabajo - 18. El seguro social y las relaciones laboralpatronales -  Parte VII: La estructura salarial de las empresas - 19. Estructura de las tasas salariales por tiempo - 20. Estructura de tasas de salarios incentivados - Parte VIII: An&#xE1;lisis econ&#xF3;mico de los problemas laboralpatronales m&#xE1;s importantes - 21. La oferta de trabajo y la fuerza laboral - 22. La demanda de trabajo - 23. Niveles salariales y salarios diferenciales - 24. Determinaci&#xF3;n de los problemas laboralpatronales - 25. Fluctuaciones de los ingresos y de las ocupaciones -  Parte IX: Relaciones laboralpatronales y pol&#xED;tica p&#xFA;blica - 26. Problemas de pol&#xED;tica p&#xFA;blica</subfield>
  </datafield>
  <datafield tag="942" ind1=" " ind2=" ">
    <subfield code="c">BK</subfield>
  </datafield>
  <datafield tag="590" ind1=" " ind2=" ">
    <subfield code="a">niveau_biblio:m niveau_hierar:0</subfield>
  </datafield>
  <datafield tag="100" ind1="1" ind2=" ">
    <subfield code="a">Davis, Pearce</subfield>
  </datafield>
  <datafield tag="700" ind1="1" ind2=" ">
    <subfield code="a">Matchett, Gerald J.</subfield>
  </datafield>
  <datafield tag="999" ind1=" " ind2=" ">
    <subfield code="c">5116</subfield>
    <subfield code="d">5116</subfield>
  </datafield>
  <datafield tag="952" ind1=" " ind2=" ">
    <subfield code="0">0</subfield>
    <subfield code="1">0</subfield>
    <subfield code="4">0</subfield>
    <subfield code="7">0</subfield>
    <subfield code="a">BCEJYS</subfield>
    <subfield code="b">BCEJYS</subfield>
    <subfield code="c">16</subfield>
    <subfield code="d">2026-04-07</subfield>
    <subfield code="l">0</subfield>
    <subfield code="o">331.5 D261</subfield>
    <subfield code="p">L20446</subfield>
    <subfield code="r">2026-04-07 15:58:05</subfield>
    <subfield code="w">2026-04-07</subfield>
    <subfield code="y">L</subfield>
  </datafield>
  <datafield tag="952" ind1=" " ind2=" ">
    <subfield code="0">0</subfield>
    <subfield code="1">0</subfield>
    <subfield code="4">0</subfield>
    <subfield code="7">0</subfield>
    <subfield code="a">BCEJYS</subfield>
    <subfield code="b">BCEJYS</subfield>
    <subfield code="c">16</subfield>
    <subfield code="d">2026-04-07</subfield>
    <subfield code="l">0</subfield>
    <subfield code="o">331.5 D261</subfield>
    <subfield code="p">L20445</subfield>
    <subfield code="r">2026-04-07 15:58:05</subfield>
    <subfield code="w">2026-04-07</subfield>
    <subfield code="y">L</subfield>
  </datafield>
</record>
